On This Day: January 23rd Quiz Stats

 Plays Quiz Updated Jan 23, 2018

Score 0/7 Timer 03:00
0 Plays Today
Question Answer Wrong Answers
This Hall of Fame inducts its first members, which include Sam Cooke and Chuck Berry.
1986
Rock and Roll
94.6%
Pro Football
1.9%
Astronaut
0.5%
American Theater
1.1%
The Wham-O toy company sells its first flying discs, invented by Walter Frederick Morrison, which would later be named the ______.
1957
Frisbee
91.1%
Frisbey
0.9%
Frizbee
6.1%
Frizbey
0.4%
Though he would eventually support US entry into WWII, this famed pilot of the ‘Spirit of St. Louis’ testifies before Congress, recommending that the US negotiate a neutrality pact with Adolf Hitler.
1941
Charles Lindbergh
90.7%
Jimmy Doolittle
1.6%
Howard Hughes
4.4%
Eddie Rickenbacker
2%
This patriot of the American Revolution, perhaps best remembered for his large and stylish signature on the Declaration of Independence, is born.
1737
John Hancock
90.1%
Paul Revere
3.3%
Samuel Adams
5.7%
Joseph Warren
0.9%
In response to growing criticism of trade of this drug, the International ______ Convention is signed at The Hague.
1912
Opium
81%
Marijuana
5.9%
Cocaine
7.4%
Morphine
5%
This person becomes the first woman to serve as United States Secretary of State.
1997
Madeleine Albright
64.3%
Condoleezza Rice
18.9%
Janet Reno
14%
Kathleen Sebelius
0.9%
The ______ Amendment to the United States Constitution is ratified, prohibiting the use of poll taxes in national elections.
1964
24th
37.6%
20th
16.5%
22nd
28.7%
18th
15.5%

You're not logged in!

Compare scores with friends on all Sporcle quizzes.
OR
Log In

Sporcle TV

Today on Sporcle TV


Watch our educational content, quiz creation guides, and fun videos on Sporcle TV.

Show Comments

Extras

Top Quizzes Today


Score Distribution

Your Account Isn't Verified!

In order to create a playlist on Sporcle, you need to verify the email address you used during registration. Go to your Sporcle Settings to finish the process.

Report this User

Report this user for behavior that violates our Community Guidelines.

Details: